| 000 | 01364nam a22003137a 4500 | ||
|---|---|---|---|
| 999 |
_c29514 _d29485 |
||
| 003 | EG-ScBUE | ||
| 005 | 20210930125325.0 | ||
| 008 | 200219s2006 ua f b 000 0 ara d | ||
| 017 | _a2006/4355 | ||
| 020 | _a977616336X | ||
| 040 |
_aEG-ScBUE _bara _erda _cEG-ScBUE _dEG-ScBUE |
||
| 043 | _ama----- | ||
| 082 | 0 | 4 |
_a303.48409174927 _bي س ي _222 |
| 100 | 1 |
_aيسين، السيد، _eمعد. _eمحرر. |
|
| 245 | 1 | 0 |
_aمرصد الإصلاح العربي : _bالإشكاليات والمؤشرات / _cإعداد وتحرير السيد يسين، محسن يوسف ؛ تقديم إسماعيل سراج الدين ؛ فريق البحث علي محمود أبو ليلة [وأربعة آخرون] |
| 264 | 1 |
_aالإسكندرية : _bمكتبة الإسكندرية؛ _c2006. |
|
| 300 |
_a257 صفحة ؛ _c24 سم |
||
| 336 |
_2rdacontent _atext _btxt |
||
| 337 |
_2rdamedia _aunmediated _bn |
||
| 338 |
_2rdacarrier _avolume _bnc |
||
| 504 | _aيشتمل على إرجاعات ببليوجرافية. | ||
| 541 |
_cDonation ; _aAlex. B. |
||
| 650 | 7 |
_aالإصلاح الاجتماعي _zالدول العربية. _2BUEsh |
|
| 653 | 7 |
_aBUEsh _bGGEN _cSeptember2021 |
|
| 655 | 7 |
_2BUEsh _vReading book _934232 |
|
| 700 | 1 |
_aسراج الدين، إسماعيل، _eمقدم. |
|
| 700 | 1 |
_aيوسف، محسن، _eمعد. _eمحرر. |
|
| 942 | _2ddc | ||